ბათუმის შოთა რუსთაველის სახელმწიფო უნივერსიტეტის ბიბლიოთეკა

საქართველო–ტურიზმის და კურორტების ქვეყანა : (ბიბ.ჩანაწერი № 42474)

000 -ლიდერი
ფიქსირებული სიგრძის საკონტროლო ველი 01196nam a2200241Ia 4500
001 - საკონტროლო ნომერი
საკონტროლო ველი 9170
003 - საკონტროლო ნომრის იდენტიფიკატორი
საკონტროლო ველი GE_BSU
005 - ბოლო ოპერაციის თარიღი და დრო
საკონტროლო ველი 20240606171010.0
008 - ფიქსირებული სიგრძის მონაცემთა ელემენტები - ზოგადი ინფორმაცია
ფიქსირებული სიგრძის საკონტროლო ველი 181216s2011||||ge |||||||||||||| ||geo||
020 ## - წიგნის საერთაშორისო სტანდარტული ნომერი
International Standard Book Number 9789941161148
040 ## - კატალოგიზაციის წყარო
Transcribing agency GE_BSU
041 ## - ენის კოდი
Language code of text/sound track or separate title geo
080 ## - უნივერსალური ათობითი კლასიფიკაციის ინდექსი
Universal Decimal Classification number 615.838(479.22)(075.8)+338.48(479.22)(075.8) ს–12
100 ## - მთავარი ჩანაწერი - პიროვნების სახელი
Personal name სააკაშვილი, ნიკოლოზ
9 (RLIN) 22344
245 ## - ცნობა სათაურის შესახებ
Title საქართველო–ტურიზმის და კურორტების ქვეყანა :
Remainder of title სახელმძღვანელო /
Statement of responsibility, etc ნიკოლოზ სააკაშვილი ; თამარ ჩილინგარიშვილი.
264 ## - წარმოების, გამოცემის, დისტრიბუციის და სხვა ცნობები
გამოცემის, წარმოების, დისტრიბუციის... ადგილი თბილისი :
გამოცემის, წარმოების, დისტრიბუციის... სახელწოდება საქართველოს მაცნე,
გამოცემის, წარმოების, დისტრიბუციის... თარიღი 2011.
300 ## - ფიზიკური აღწერა
Extent 136 გვ. :
Other physical details ილ. ;
Dimensions 21 სმ.
504 ## - BIBLIOGRAPHY, ETC. NOTE
Bibliography, etc ბიბლიოგრაფია : გვ. 134-136
653 ## - INDEX TERM--UNCONTROLLED
Uncontrolled term საქართველოს კურორტები
653 ## - INDEX TERM--UNCONTROLLED
Uncontrolled term ტურიზმი საქართველოში
700 ## - ADDED ENTRY--PERSONAL NAME
Personal name ჩილინგარიშვილი, თამარ
Relator term ავტორი
9 (RLIN) 22345
942 ## - ADDED ENTRY ELEMENTS (KOHA)
Koha item type წიგნი
Source of classification or shelving scheme
ეგზემპლარები
ჩამოწერის სტატუსი დაკარგული ეგზემპლარის სტატუსი კლასიფიკაციის წყარო ან თაროზე გაწყობის სქემა დაზიანების სტატუსი არ გაიცემა მუდმივი მდებარეობა (დაცვის ადგილი) ამჟამინდელი ადგილსამყოფელი თაროზე განთავსების ადგილი შეძენის თარიღი სრული შენახვის შიფრი შტრიხკოდი ბოლო ოპერაციის თარიღი ეგზემპლარის მიმდევრობითი ნომერი (კეტერი?) ფასის ძალაში შესვლის თარიღი ეგზემპლარის სახეობა ღირებულება, შესყიდვის ნორმალური ფასი საჯარო შენიშვნა
          ბათუმის შოთა რუსთაველის სახელმწიფო უნივერსიტეტის მთავარი ბიბლიოთეკა ბათუმის შოთა რუსთაველის სახელმწიფო უნივერსიტეტის მთავარი ბიბლიოთეკა წიგნსაცავი 2018-12-17 615.838(479.22)(075.8)+338.48(479.22)(075.8) ს–12 26812 2018-12-17 26812 2018-12-17 წიგნი    
          ბათუმის შოთა რუსთაველის სახელმწიფო უნივერსიტეტის მთავარი ბიბლიოთეკა ბათუმის შოთა რუსთაველის სახელმწიფო უნივერსიტეტის მთავარი ბიბლიოთეკა წიგნსაცავი 2024-07-16 615.838(479.22)(075.8)+338.48(479.22)(075.8) ს–12 68752 2024-07-16 68752 2024-07-16 წიგნი 10.00 10.00
          ბათუმის შოთა რუსთაველის სახელმწიფო უნივერსიტეტის მთავარი ბიბლიოთეკა ბათუმის შოთა რუსთაველის სახელმწიფო უნივერსიტეტის მთავარი ბიბლიოთეკა წიგნსაცავი 2024-07-16 615.838(479.22)(075.8)+338.48(479.22)(075.8) ს–12 68753 2024-07-16 68753 2024-07-16 წიგნი 10.00 10.00